01014 a2200193 45000010006000000050017000060080041000230030015000640400040000790800034001192450029001530200018001822640041002003000019002415050436002600410008006961000021007048560095007255689120260407155832.0260407a2003 arg spa dAR-UNSa-BCEJYS aAR-UNSa-BCEJYSbspacAR-UNSa-BCEJYS a94(82)xHistoria de Argentina10aThe history of Argentina a1-4039-6254-5 1aNew York :bPalgrave Macmillanc2003 a214 p.c26 cm. a1. Argentina Today – 2. The Colonial Era (to 1800) – 3. Independence and the Construction of Argentina (1800–1880) – 4. Argentina’s “Golden Age” (1880– 1910) – 5. Democracy’s Appearance (1890–1943) – 6. Perón and Argentina (1943–1955) – 7. Under Perón’s Shadow (1955–1972) – 8. A Society at War – 9. Democracy's Fragile Return (1983 – 1995) – 10. A Country in Transition (1991 – 2001) aspa1 aLewis, Daniel K.41uhttps://biblioeco.unsa.edu.ar/pmb/images/libros/L128623.jpgyImagen de portadaqimage/jpeg